00966nam a2200265Ia 450000500170000000800410001702000180005805000250007610000450010124500710014625000180021726000310023530000190026633600100028533700140029533800140030950400540032351900770037765000410045465000400049565000400053594200070057595201010058299900170068320231102151657.0120626s2007 mx a 000 0 spa d a9789681863869 aHF5549.5C3bS53 2006 941149aSilíceo Aguilar, Alfonsoeautor aCapacitación y desarrollo de personalc/ Alfonso Siliceo Aguilar a4a edición. aMéxicob: Limusac, 2007 a246 páginas. atexto asin medio aVolúmen aIncluye referencias bibliográficas (p. 245-246) aPlan Flexible /bPsicologia /cComplementario /d(19 001264, 19 0001265) aEmpleados y Capacitación 919439 aSupervisión de empleados. 919440 a Administración de personal91157 cLB 00104070a19b19d0000-00-00l0oHF5549.5C3 S53 2007p19 001264r2014-05-29t1w2014-05-29yLB c92929d92929